[Event "Titled Tue 24th Jun Early"]
[Site "chess.com INT"]
[Date "2025.06.24"]
[Round "8"]
[White "Salonen, Aku"]
[Black "Hernandez Leon, Sergio"]
[Result "1/2-1/2"]
[WhiteTitle "FM"]
[BlackTitle "CM"]
[WhiteElo "2330"]
[BlackElo "2102"]
[WhiteFideId "517577"]
[BlackFideId "2285622"]
[EventDate "2025.06.24"]

1. e4 c5 2. Nf3 Nf6 3. e5 Nd5 4. Nc3 e6 5. Ne4 f5 6. Nc3 Ne7 7. g3 Nbc6 8. Bg2
Ng6 9. O-O Ncxe5 10. Nxe5 Nxe5 11. d4 cxd4 12. Qxd4 Nc6 13. Qd3 a6 14. Re1 Be7
15. Be3 O-O 16. Na4 b5 17. Nb6 Rb8 18. Nxc8 Qxc8 19. c3 Rd8 20. f4 Na5 21. b3
Bc5 22. Rad1 Bxe3+ 23. Qxe3 Qc7 24. Qe5 Qxe5 25. Rxe5 Rbc8 26. Rd6 Nc6 27. Rc5
Nb8 28. Rxc8 Rxc8 29. Rb6 Kf7 30. Rb7 Ke7 31. Kf2 Kd6 32. c4 bxc4 33. bxc4 Nc6
34. Ke3 Rc7 35. Rb6 Kc5 36. Rxa6 Kxc4 37. Bxc6 Rxc6 38. Ra7 Rd6 39. Rb7 Rd3+ 40.
Ke2 Ra3 41. Rxd7 Rxa2+ 42. Kf3 Rxh2 43. Rxg7 Kd5 44. Rd7+ Kc6 45. Rd1 h5 46. Rd8
Kc5 47. Rd1 h4 48. gxh4 Rh3+ 49. Ke2 Rxh4 50. Ke3 Rh3+ 51. Ke2 Rc3 52. Kf2 Rc4
53. Kf3 Rd4 54. Re1 Kd5 55. Re5+ Kd6 56. Ra5 Rd3+ 57. Ke2 Rd5 58. Ra8 Rb5 59.
Ke3 Rb3+ 60. Ke2 Kd5 61. Ra4 Rc3 62. Ra5+ Ke4 63. Re5+ Kxf4 64. Rxe6 Rc2+ 65.
Kf1 Kf3 66. Re1 Rh2 67. Kg1 Rg2+ 68. Kf1 Rf2+ 69. Kg1 Rb2 70. Ra1 Rb3 71. Kf1 f4
72. Rc1 Re3 73. Rc8 Rd3 74. Rc1 Rd2 75. Rc3+ Kg4 76. Kg1 Re2 77. Kf1 Re3 78.
Rxe3 fxe3 79. Ke2 Kf4 80. Ke1 Ke4 81. Ke2 Kd4 82. Ke1 Kd3 83. Kd1 e2+ 84. Ke1
Kc2 85. Kxe2 1/2-1/2

[Event "Titled Tue 24th Jun Early"]
[Site "chess.com INT"]
[Date "2025.06.24"]
[Round "8"]
[White "Jahnz, Laurin"]
[Black "Sydykov, Bayastan"]
[Result "0-1"]
[WhiteTitle "CM"]
[BlackTitle "FM"]
[WhiteElo "2221"]
[BlackElo "2301"]
[WhiteFideId "16261089"]
[BlackFideId "13829610"]
[EventDate "2025.06.24"]

1. e4 e5 2. Nf3 Nc6 3. Bc4 Bc5 4. d3 Nf6 5. a4 a6 6. O-O d6 7. Be3 Ba7 8. Bxa7
Rxa7 9. Nbd2 O-O 10. h3 h6 11. c3 Be6 12. Bxe6 fxe6 13. d4 exd4 14. cxd4 e5 15.
d5 Ne7 16. b4 Qd7 17. Qb3 b6 18. Rac1 g5 19. Nh2 Kh8 20. Rc3 Rf7 21. Rfc1 Ng6
22. Re3 Nf4 23. Ndf1 g4 24. hxg4 Nxg4 25. Qd1 Nxe3 26. Nxe3 Ra8 27. Nf5 Rg8 28.
g3 Rg6 29. Qf1 Nxd5 30. Qxa6 Ne7 31. Ne3 Nc6 32. Qb7 Nxb4 33. Nf5 Nd3 34. Rc3
Nc5 35. Qa8+ Kh7 36. a5 Rg8 37. Qd5 bxa5 38. g4 Nxe4 39. Qxe4 Qxf5 40. Qxf5+
Rxf5 41. Rxc7+ Kh8 42. Ra7 h5 43. Rxa5 hxg4 44. Nf1 Rf3 45. Rd5 Rg6 46. Kg2 Kg7
47. Ng3 Kf7 48. Ne4 Ke7 49. Ra5 Rf4 50. Ra7+ Ke6 51. Ng3 Rgf6 52. Ra2 Rf7 53.
Nh1 e4 54. Re2 d5 55. Ng3 d4 56. Nxe4 Kd5 57. Ng3 d3 58. Rd2 Kd4 59. Nf1 Kc3 60.
Ra2 Rb4 61. Ne3 Rd7 62. Nd1+ Kb3 63. Rb2+ Ka3 64. Rd2 Rc4 65. Ne3 Re4 66. Kf1 g3
67. Nd1 Re2 68. Rxe2 dxe2+ 69. Kxe2 g2 0-1

[Event "Titled Tue 24th Jun Early"]
[Site "chess.com INT"]
[Date "2025.06.24"]
[Round "8"]
[White "Mangialardo, Tiago Carvalho"]
[Black "Miranda Camus, Joaquin Ignacio"]
[Result "1/2-1/2"]
[BlackTitle "FM"]
[WhiteElo "1979"]
[BlackElo "2196"]
[WhiteFideId "2130718"]
[BlackFideId "3449300"]
[EventDate "2025.06.24"]

1. e4 c5 2. Nf3 Nc6 3. d4 cxd4 4. Nxd4 Nf6 5. Nc3 e5 6. Nxc6 bxc6 7. Bc4 Bb7 8.
O-O Be7 9. Bg5 O-O 10. Bxf6 Bxf6 11. Qd6 Qe7 12. Rad1 Rad8 13. Qc7 d6 14. Qa5
Ba8 15. Rd3 Qb7 16. Bb3 Qb6 17. Qxb6 axb6 18. Rfd1 Be7 19. Na4 b5 20. Nb6 Bb7
21. a4 bxa4 22. Bxa4 Rb8 23. Nd7 Ba6 24. Ra3 Be2 25. Re1 Rxb2 26. Nxf8 Bxf8 27.
g3 Bb5 28. Bxb5 cxb5 29. Rb3 Rxc2 30. Rxb5 Rc8 31. Rb7 g6 32. Rd7 Rc4 33. Kg2
Kg7 34. f3 Kf6 35. Re2 Ke6 36. Rb7 Be7 37. Ra2 f5 38. Raa7 Bg5 39. exf5+ gxf5
40. Rxh7 Rc2+ 41. Kh3 e4 42. Rhg7 Be3 43. Rg6+ Kd5 44. fxe4+ fxe4 45. Ra5+ Bc5
46. Ra8 Bg1 47. Re8 Rxh2+ 48. Kg4 Bc5 49. Rge6 Re2 50. Kf4 Rf2+ 51. Kg4 e3 52.
Kh5 Rh2+ 53. Kg4 Re2 54. Kf3 Rf2+ 55. Kg4 Rf7 56. Kh3 Kc4 57. Rxe3 Bxe3 58. Rxe3
d5 59. Re1 d4 60. g4 d3 61. g5 d2 62. Rd1 Kc3 63. Kg4 Kc2 64. Rxd2+ Kxd2 65. g6
Rf1 66. Kg5 Ke3 67. g7 Ke4 68. Kh6 Rg1 69. Kh7 Rh1+ 70. Kg6 Ke5 71. g8=Q Rg1+
72. Kf7 Rxg8 73. Kxg8 1/2-1/2

[Event "Titled Tue 24th Jun Early"]
[Site "chess.com INT"]
[Date "2025.06.24"]
[Round "8"]
[White "Li, Hui"]
[Black "Young, Cohen"]
[Result "1-0"]
[WhiteTitle "CM"]
[BlackTitle "CM"]
[WhiteElo "2041"]
[BlackElo "2060"]
[WhiteFideId "15400310"]
[BlackFideId "4317440"]
[EventDate "2025.06.24"]

1. e4 c5 2. Nf3 d6 3. d4 cxd4 4. Nxd4 Nf6 5. Nc3 Nc6 6. Bg5 e6 7. Qd2 a6 8.
O-O-O Bd7 9. f4 Be7 10. Nf3 b5 11. Bxf6 gxf6 12. f5 Qb6 13. Kb1 O-O-O 14. fxe6
fxe6 15. g3 b4 16. Ne2 e5 17. Nc1 Be6 18. Bd3 d5 19. Qe2 Bg4 20. h3 Nd4 21.
Bxa6+ Kb8 22. Rxd4 Bxf3 23. Qxf3 Qxd4 24. Bd3 Rhg8 25. Nb3 dxe4 26. Bxe4 Qb6 27.
Bxh7 Rg7 28. Be4 Bf8 29. g4 Rgd7 30. Bd3 Bh6 31. Qe4 Bf4 32. h4 Qb7 33. Nc5 Qxe4
34. Nxd7+ Rxd7 35. Bxe4 Rg7 36. Bf5 Rg8 37. a3 bxa3 38. bxa3 Rh8 39. Ka2 Bg3 40.
h5 Bf4 41. Rd1 Kc7 42. Rd7+ Kc6 43. Rf7 Bg5 44. Be4+ Kd6 45. Rb7 Rc8 46. Rb6+
Ke7 47. Rc6 Rxc6 48. Bxc6 Kd6 49. Be4 Kc5 50. Kb3 Kb6 51. c4 Ka7 52. Kb4 Kb8 53.
Kc5 Kc7 54. Kd5 Kb6 55. Ke6 Kc5 56. Kf5 Kxc4 57. Bc6 Kb3 58. a4 Kb4 59. Kg6 e4
60. Bxe4 Kxa4 61. h6 Bxh6 62. Kxh6 Kb4 63. Kg6 Kc4 64. Kxf6 Kd4 65. Bf5 Ke3 66.
g5 Kf4 67. g6 Ke3 68. g7 Kd2 69. g8=Q Kc1 70. Qg2 1-0

[Event "Titled Tue 24th Jun Early"]
[Site "chess.com INT"]
[Date "2025.06.24"]
[Round "8"]
[White "Lesueur, Gabriel"]
[Black "Nikulina, Alena"]
[Result "1-0"]
[WhiteTitle "FM"]
[BlackTitle "WFM"]
[WhiteElo "2278"]
[BlackElo "1875"]
[WhiteFideId "45186359"]
[BlackFideId "4172051"]
[EventDate "2025.06.24"]

1. d4 d5 2. Nf3 Nf6 3. e3 e6 4. Bd3 c5 5. O-O Nc6 6. c3 Bd6 7. Nbd2 e5 8. e4 O-O
9. exd5 Nxd5 10. dxe5 Bxe5 11. Nxe5 Nxe5 12. Bxh7+ Kxh7 13. Qh5+ Kg8 14. Qxe5
Re8 15. Qg3 Qf6 16. Nf3 Bf5 17. Bg5 Qc6 18. Rad1 Be4 19. Rfe1 Bxf3 20. Qxf3
Rxe1+ 21. Rxe1 f6 22. Bh4 Rd8 23. Bg3 Qb6 24. b3 Qa5 25. h4 Qxc3 26. Qxc3 Nxc3
27. Re7 b5 28. Rxa7 Ne2+ 29. Kh2 Nxg3 30. Kxg3 Rd5 31. Rc7 Kh7 32. a4 Rd3+ 33.
Kg4 Rxb3 34. axb5 Rxb5 35. f4 Rb2 36. g3 Rc2 37. Kf5 c4 38. g4 c3 39. g5 fxg5
40. hxg5 Ra2 41. Rxc3 Ra5+ 42. Kg4 Kg6 43. Rc6+ Kf7 44. Kh5 Rb5 45. Rc7+ Kf8 46.
Kg6 Rb6+ 47. Kf5 Rb5+ 48. Kg6 Rb6+ 49. Kh7 g6 50. Rg7 Rb4 51. Rg8+ Kf7 52. Rg7+
Kf8 53. Rxg6 Rxf4 54. Rc6 Rh4+ 55. Kg6 Rf4 56. Rc8+ Ke7 57. Rc7+ Kf8 58. Rc8+
Ke7 59. Ra8 Rf1 60. Kg7 Rg1 61. g6 Rg2 62. Ra3 Rg1 63. Re3+ Kd7 64. Re4 Kd6 65.
Kf6 Rf1+ 66. Kg5 Rf8 67. g7 1-0

[Event "Titled Tue 24th Jun Early"]
[Site "chess.com INT"]
[Date "2025.06.24"]
[Round "8"]
[White "Aarit Kapil"]
[Black "Aradhya, Garg"]
[Result "1/2-1/2"]
[WhiteTitle "CM"]
[BlackTitle "IM"]
[WhiteElo "2078"]
[BlackElo "2370"]
[WhiteFideId "33408947"]
[BlackFideId "25006746"]
[EventDate "2025.06.24"]

1. e4 c6 2. d4 d5 3. e5 Bf5 4. h4 h5 5. Bd3 Qd7 6. Nf3 Bg4 7. Qe2 e6 8. Qe3 c5
9. c3 Nc6 10. dxc5 Bxf3 11. gxf3 d4 12. cxd4 Qxd4 13. Qxd4 Nxd4 14. Be4 Bxc5 15.
Be3 O-O-O 16. Nd2 Kb8 17. Rc1 Bb4 18. Rc4 Bxd2+ 19. Bxd2 f5 20. exf6 Nxf6 21.
Bc3 e5 22. Rg1 Nxe4 23. Bxd4 Rxd4 24. Rxd4 exd4 25. fxe4 Rf8 26. Rxg7 Rf4 27.
Re7 Rxh4 28. Ke2 Kc8 29. Kd3 Rf4 30. Kxd4 Rxf2 31. Kc3 Re2 32. a4 h4 33. b4 h3
34. Rh7 h2 35. e5 Kd8 36. Kd3 Rb2 37. Kc3 Rg2 38. Kd4 Rd2+ 39. Ke4 Rf2 40. Kd5
Rd2+ 41. Ke6 b6 42. b5 Ra2 43. Rh8+ Kc7 44. Ke7 Rd2 45. e6 Re2 46. Rh3 Rf2 47.
Ke8 Re2 48. e7 Rf2 49. Rh7 Re2 50. Rh3 Rf2 51. Rc3+ Kb7 52. Rc1 Rc2 53. Rh1 Rf2
54. Rd1 Rd2 55. Rh1 Rf2 56. Re1 Re2 57. Rh1 Rg2 58. Kf7 Rf2+ 59. Ke6 Re2+ 60.
Kf7 Rf2+ 61. Ke6 Re2+ 62. Kd7 Rd2+ 63. Ke8 Rf2 1/2-1/2

[Event "Titled Tue 24th Jun Early"]
[Site "chess.com INT"]
[Date "2025.06.24"]
[Round "8"]
[White "Rahman, Masruri"]
[Black "Mizzi, Jack"]
[Result "1-0"]
[WhiteTitle "FM"]
[BlackTitle "CM"]
[WhiteElo "2407"]
[BlackElo "2107"]
[WhiteFideId "7101163"]
[BlackFideId "5602521"]
[EventDate "2025.06.24"]

1. b4 e5 2. Bb2 d6 3. e3 f5 4. d4 e4 5. Ne2 Nf6 6. d5 Nbd7 7. Nf4 Ne5 8. h4 c6
9. c4 cxd5 10. cxd5 Be7 11. Be2 O-O 12. Nc3 Bd7 13. a3 Rc8 14. Nb5 Nc4 15. Bxc4
Rxc4 16. Nd4 Qc8 17. Nfe6 Bxe6 18. Nxe6 Rc2 19. Rc1 Rxc1 20. Bxc1 Qc3+ 21. Qd2
Rc8 22. Qxc3 Rxc3 23. Bb2 Rc2 24. Bxf6 Bxf6 25. O-O Bb2 26. f3 exf3 27. Rxf3
Bxa3 28. Rxf5 h6 29. Rf8+ Kh7 30. Rf7 Bxb4 31. Rxg7+ Kh8 32. Rxb7 Be1 33. Nf4
Bg3 34. Rb8+ Kh7 35. Rb7+ Kg8 36. Rb1 Bf2+ 37. Kh2 Bxe3 38. Ne6 Bb6 39. Rf1 Rf2
40. Rc1 Rf5 41. Rc8+ Kf7 42. Rf8+ Kg6 43. Rg8+ Kh7 44. Rg7+ Kh8 45. Rd7 Rxd5 46.
Nf4 Rd2 47. Nh5 Bd4 48. Kh3 Be5 49. g3 Rd3 50. Kg4 Rd1 51. Kf5 Rf1+ 52. Kg6 Rf8
53. Rh7+ Kg8 54. Rxa7 Re8 55. Kxh6 d5 56. Rd7 d4 57. Kg5 Rf8 58. g4 Bh8 59. Kg6
Re8 60. g5 Rf8 61. Nf6+ Bxf6 62. gxf6 Kh8 63. Rxd4 Rg8+ 64. Kf7 Rg1 65. Rd5 Rg6
66. Kxg6 1-0

[Event "Titled Tue 24th Jun Early"]
[Site "chess.com INT"]
[Date "2025.06.24"]
[Round "8"]
[White "Exposito Milan, Adrian"]
[Black "Hartge, Gedeon"]
[Result "1/2-1/2"]
[WhiteTitle "FM"]
[BlackTitle "FM"]
[WhiteElo "2179"]
[BlackElo "2328"]
[WhiteFideId "24556645"]
[BlackFideId "12932116"]
[EventDate "2025.06.24"]

1. e4 Nf6 2. e5 Nd5 3. c4 Nb6 4. d4 d6 5. f4 dxe5 6. fxe5 c5 7. d5 g6 8. Be3 Bg7
9. Nf3 Bg4 10. Bxc5 N8d7 11. Bd4 Nxe5 12. Nc3 O-O 13. Be2 Bxf3 14. gxf3 Nexc4
15. Bxg7 Kxg7 16. Bxc4 Nxc4 17. Qd4+ Kg8 18. Qxc4 Rc8 19. Qd4 e5 20. Qe3 Qh4+
21. Qf2 Qc4 22. Rd1 Rfd8 23. Ne4 f5 24. Nc3 b5 25. a3 a5 26. Qe2 b4 27. Qxc4
Rxc4 28. axb4 axb4 29. Ne2 Ra8 30. O-O Rc2 31. Ng3 Rxb2 32. Rf2 Rxf2 33. Kxf2
Ra2+ 34. Ne2 Kf7 35. Rb1 Rd2 36. Rxb4 Rxd5 37. Rb7+ Kg8 38. Rb8+ Kg7 39. Rb7+
Kh6 40. f4 exf4 41. Nxf4 Rd2+ 42. Kg3 Ra2 43. h4 Ra3+ 44. Kf2 Ra4 45. Ne6 Rxh4
46. Nf8 Kg5 47. Nxh7+ Kh6 48. Nf6 Ra4 49. Kg3 Ra3+ 50. Kf4 Ra4+ 51. Kg3 g5 52.
Ng8+ Kg6 53. Ne7+ Kf6 54. Nd5+ Ke5 55. Nb6 Ra3+ 56. Kf2 Kf4 57. Nd5+ Kg4 58.
Nf6+ Kf4 59. Nd5+ Ke5 60. Ne7 Ra2+ 61. Ke1 Ke4 62. Rb4+ Ke5 63. Rb5+ Kf6 64.
Nxf5 g4 65. Ne3 g3 66. Rf5+ Kg6 67. Rf3 g2 68. Rg3+ Kf6 69. Rxg2 Rxg2 70. Nxg2 1/2-1/2

[Event "Titled Tue 24th Jun Early"]
[Site "chess.com INT"]
[Date "2025.06.24"]
[Round "8"]
[White "Domin, Yan"]
[Black "Chylewski, Patryk"]
[Result "1/2-1/2"]
[WhiteTitle "FM"]
[BlackTitle "IM"]
[WhiteElo "2222"]
[BlackElo "2313"]
[WhiteFideId "34169342"]
[BlackFideId "1186191"]
[EventDate "2025.06.24"]

1. e4 c5 2. Nf3 e6 3. b3 a6 4. c4 Nc6 5. Bb2 Nf6 6. Nc3 Qc7 7. d4 cxd4 8. Nxd4
Bb4 9. f3 O-O 10. a3 Bxc3+ 11. Bxc3 d5 12. Nxc6 bxc6 13. Bxf6 gxf6 14. cxd5 cxd5
15. Rc1 Qa5+ 16. Qd2 Qxd2+ 17. Kxd2 dxe4 18. fxe4 Bd7 19. Rc5 Rfc8 20. Rxc8+
Rxc8 21. Bc4 a5 22. Rc1 Kf8 23. Kc3 Ke7 24. g3 h5 25. Kd4 h4 26. b4 axb4 27.
axb4 Bb5 28. gxh4 e5+ 29. Kd3 Rd8+ 30. Ke3 Rc8 31. Kd3 Rd8+ 32. Ke3 Rc8 33. Bxb5
Rxc1 34. Be2 Rb1 35. b5 Kf8 36. h3 Kg7 37. h5 Kh6 38. Kd2 Kg5 39. Kc2 Rb4 40.
Bd3 Kxh5 41. Kc3 Ra4 42. Kb3 Ra8 43. Kb4 Kh4 44. Bc4 Kxh3 45. Bxf7 Kg3 46. b6
Kf4 47. Bg6 Ra1 48. Kc5 Rb1 49. Kc6 Rc1+ 50. Kd7 Rb1 51. Kc7 Rc1+ 52. Kb8 Rb1
53. b7 Ke3 54. Kc8 Rc1+ 55. Kd7 Rb1 56. Kc6 Rc1+ 57. Kb6 Rb1+ 58. Ka7 Ra1+ 59.
Kb8 Kd4 60. Kc7 Rc1+ 61. Kd6 Rb1 62. Kc7 Rc1+ 63. Kb6 Rb1+ 64. Ka7 Ra1+ 65. Kb8
Rb1 66. Be8 Rb2 67. Bc6 Ke3 68. Kc7 Kf4 69. Kd6 Rxb7 70. Bxb7 f5 71. exf5 Kxf5
72. Kd5 e4 73. Kd4 Kf4 74. Bxe4 1/2-1/2

[Event "Titled Tue 24th Jun Early"]
[Site "chess.com INT"]
[Date "2025.06.24"]
[Round "8"]
[White "Tekeyev, Zaur"]
[Black "Odabasi, Ruzgar"]
[Result "1-0"]
[WhiteTitle "IM"]
[BlackTitle "CM"]
[WhiteElo "2407"]
[BlackElo "2170"]
[WhiteFideId "4199731"]
[BlackFideId "51604787"]
[EventDate "2025.06.24"]

1. d4 d5 2. Nf3 Nf6 3. Bf4 Bf5 4. e3 e6 5. Be2 c5 6. O-O Nc6 7. c4 dxc4 8. Qa4
Bd3 9. Bxd3 cxd3 10. Nc3 Be7 11. Ne5 O-O 12. Nxc6 bxc6 13. dxc5 Nd5 14. Rfd1
Nxc3 15. bxc3 Qd5 16. Qd4 Bxc5 17. Qxd3 Rfd8 18. Qe2 Qf5 19. Bc7 Rxd1+ 20. Rxd1
Bb6 21. Bxb6 axb6 22. Qa6 Rf8 23. Qxb6 c5 24. h3 h6 25. Rc1 c4 26. Qd4 Rc8 27.
a4 Qa5 28. Ra1 g6 29. h4 h5 30. g3 e5 31. Qd7 Rc7 32. Qd8+ Kg7 33. Rd1 Ra7 34.
Qxa5 Rxa5 35. Ra1 Kf6 36. e4 Ke6 37. Kg2 Kd6 38. Kf3 Kc5 39. Ke3 f6 40. f4 Kc6
41. f5 gxf5 42. exf5 Kd5 43. Kf3 Kc6 44. Ke4 Kd6 45. Rd1+ Kc6 46. Ra1 Kd6 47. g4
hxg4 48. h5 Kc5 49. h6 Ra8 50. Rh1 Rh8 51. h7 g3 52. Kf3 Kb6 53. Kxg3 Ka5 54.
Kf3 Kxa4 55. Ke4 Kb3 56. Rh3 Kc2 57. Kd5 Kb3 58. Ke6 e4 59. Kxf6 e3 60. Kg7 e2
61. Re3 e1=Q 62. Rxe1 Rd8 63. h8=Q Rxh8 64. Kxh8 Kxc3 65. f6 Kd2 66. Re8 c3 67.
f7 Kc1 68. Rd8 c2 69. f8=Q Kb1 70. Qb4+ Kc1 71. Re8 Kd1 72. Re1# 1-0

[Event "Titled Tue 24th Jun Early"]
[Site "chess.com INT"]
[Date "2025.06.24"]
[Round "8"]
[White "Ivashentseva, Dominika"]
[Black "Olhovik, Andrei"]
[Result "1-0"]
[WhiteTitle "WCM"]
[BlackTitle "FM"]
[WhiteElo "1969"]
[BlackElo "2282"]
[WhiteFideId "34331050"]
[BlackFideId "13507397"]
[EventDate "2025.06.24"]

1. d4 d5 2. c4 e6 3. Nf3 c5 4. cxd5 exd5 5. dxc5 Bxc5 6. e3 Nf6 7. Bb5+ Bd7 8.
Bxd7+ Nbxd7 9. O-O O-O 10. Nc3 Nb6 11. a3 Rc8 12. b4 Bd6 13. Nb5 Bb8 14. Bb2 Ne4
15. Qd4 f6 16. Rac1 a6 17. Rxc8 Nxc8 18. Nc3 Nxc3 19. Bxc3 Ne7 20. Rd1 Qc7 21.
Bb2 Rc8 22. g3 Qd7 23. e4 Qg4 24. Nh4 Qxe4 25. Qxe4 dxe4 26. Rd7 Nc6 27. Rxb7
Be5 28. Bxe5 Nxe5 29. Nf5 Rc1+ 30. Kg2 g5 31. Rb8+ Kf7 32. Rb7+ Ke8 33. Nd6+ Kd8
34. Rxh7 g4 35. Nf7+ Nxf7 36. Rxf7 Rc2 37. Kf1 Rc1+ 38. Ke2 Rc2+ 39. Ke3 Rc3+
40. Kxe4 Rxa3 41. Rxf6 Ra4 42. Kf5 Rxb4 43. Rxa6 Rb2 44. Kxg4 Rxf2 45. Re6 Kd7
46. Rh6 Ke7 47. h4 Kf7 48. Ra6 Kg7 49. Kg5 Rb2 50. h5 Rb5+ 51. Kh4 Rb4+ 52. g4
Rc4 53. Ra5 Rb4 54. Kg5 Rb7 55. h6+ Kh7 56. Kh5 Rb6 57. g5 Rc6 58. Ra7+ Kh8 59.
g6 Rc8 60. Kg5 Rb8 61. Kf4 Kg8 62. Ke5 Kh8 63. Kd6 Rg8 64. g7+ Kh7 65. Ke7 Kxh6
66. Kf6 1-0

[Event "Titled Tue 24th Jun Early"]
[Site "chess.com INT"]
[Date "2025.06.24"]
[Round "8"]
[White "Stojanovski, Sandi"]
[Black "Cori Quispe, Kevin Joel"]
[Result "1-0"]
[WhiteTitle "FM"]
[BlackTitle "GM"]
[WhiteElo "2169"]
[BlackElo "2464"]
[WhiteFideId "1403249"]
[BlackFideId "3814017"]
[EventDate "2025.06.24"]

1. d3 e5 2. Nf3 Nc6 3. g3 d5 4. Bg2 h6 5. O-O Nf6 6. c4 Be7 7. cxd5 Nxd5 8. Nc3
Nb6 9. Be3 O-O 10. Na4 Bg4 11. h3 Bh5 12. Rc1 Re8 13. Nc5 Bxc5 14. Rxc5 Qd7 15.
a3 Rad8 16. Qc2 Bxf3 17. Bxf3 Qxh3 18. Bg2 Qg4 19. Bf3 Qg6 20. Bxc6 bxc6 21.
Rxc6 Qg4 22. Bxb6 cxb6 23. Rc7 e4 24. Qc4 Re6 25. dxe4 h5 26. Rc8 Rxc8 27. Qxc8+
Kh7 28. Qc2 h4 29. Kg2 h3+ 30. Kh2 Qxe4 31. Qxe4+ Rxe4 32. e3 Rc4 33. Kxh3 Rc2
34. b4 Ra2 35. Kg4 Rxa3 36. Rb1 Kg6 37. Kf4 Ra4 38. e4 f6 39. g4 b5 40. f3 Ra3
41. Rc1 Rb3 42. Rc7 Rxb4 43. Rxa7 Rb3 44. Rb7 Kh6 45. Rc7 g5+ 46. Kg3 Kg6 47.
Rb7 b4 48. Rb6 Kf7 49. Rb7+ Ke6 50. Rb6+ Ke7 51. Rb7+ Kd6 52. Rb6+ Ke5 53. Rb5+
Kd4 54. Rf5 Rc3 55. Rxf6 Rc5 56. Rb6 Kc3 57. f4 b3 58. fxg5 Rxg5 59. Kf4 Rc5 60.
g5 b2 61. g6 Kc2 62. e5 Rc4+ 63. Kf5 Rc3 64. Rxb2+ Kxb2 65. e6 Rf3+ 66. Ke5 Kc3
67. g7 Rg3 68. Kf6 Kd4 69. e7 Rf3+ 70. Ke6 Re3+ 71. Kd7 Kc5 72. e8=Q Rd3+ 73.
Kc8 Kb6 74. g8=Q Rc3+ 75. Kb8 Ka5 76. Qgg6 Rb3+ 77. Ka7 Rb7+ 78. Kxb7 Kb4 79.
Qec6 Ka5 80. Qb6+ 1-0

[Event "Titled Tue 24th Jun Early"]
[Site "chess.com INT"]
[Date "2025.06.24"]
[Round "8"]
[White "Sailer, Mike"]
[Black "Klys, Kacper"]
[Result "0-1"]
[BlackTitle "CM"]
[WhiteElo "2108"]
[BlackElo "2218"]
[WhiteFideId "2012901"]
[BlackFideId "21005281"]
[EventDate "2025.06.24"]

1. d4 d5 2. Nf3 Bf5 3. Bf4 e6 4. e3 Nd7 5. c4 c6 6. Qb3 Qc8 7. Nc3 Ngf6 8. Rc1
h6 9. cxd5 exd5 10. Nb5 Nh5 11. Nc7+ Kd8 12. Nxa8 Nxf4 13. exf4 Qxa8 14. Ne5 f6
15. Nf7+ Kc7 16. Nxh8 Bd6 17. Qxd5 Qe8+ 18. Be2 Bb4+ 19. Kf1 Be4 20. Qc4 Bd2 21.
Rd1 Bxf4 22. d5 Nb6 23. d6+ Kb8 24. Qd4 Nd7 25. f3 Bc2 26. Re1 Be5 27. Qd2 Bf5
28. Bd3 Bxd3+ 29. Qxd3 Qxh8 30. g3 Qf8 31. Rd1 g5 32. Kg2 h5 33. Rhe1 h4 34. Qf5
Kc8 35. f4 gxf4 36. gxf4 Bxd6 37. Rxd6 Qxd6 38. Re8+ Kc7 39. Re2 Kb6 40. Qe4 Nc5
41. Qe3 Qd5+ 42. Kg1 Ka6 43. Re1 b6 44. Qe2+ Kb7 45. Qe7+ Ka6 46. Qe2+ b5 47. a3
Qd4+ 48. Qe3 Qd5 49. b4 Na4 50. Qe2 Nb6 51. Rd1 Qf5 52. Qe3 Qg4+ 53. Kh1 Qxd1+
54. Kg2 Qg4+ 55. Kh1 Qf5 56. Qe7 Qd5+ 57. Kg1 Nd7 58. Qd8 Kb7 59. Qe7 Qd1+ 60.
Kf2 Qd5 61. Qd8 a6 62. Qe8 Nb6 63. Qe7+ Nd7 64. Ke3 Kc7 65. Qe8 Qd6 66. Qa8 Nb8
67. Qa7+ Kc8 68. Qa8 Qc7 69. Kd4 Qxf4+ 70. Kc5 Qe3+ 71. Kd6 Qe5# 0-1

[Event "Titled Tue 24th Jun Early"]
[Site "chess.com INT"]
[Date "2025.06.24"]
[Round "8"]
[White "Skiadopoulos, Nikolaos"]
[Black "Bezuch, Martin"]
[Result "0-1"]
[WhiteTitle "CM"]
[BlackTitle "FM"]
[WhiteElo "1882"]
[BlackElo "2238"]
[WhiteFideId "4200772"]
[BlackFideId "14906333"]
[EventDate "2025.06.24"]

1. e4 g6 2. d4 Bg7 3. Be2 d6 4. Nc3 Nf6 5. Be3 a6 6. a4 O-O 7. g4 c6 8. g5 Nfd7
9. f4 e5 10. dxe5 dxe5 11. f5 Re8 12. h4 Bf8 13. h5 Bc5 14. Qd2 Bxe3 15. Qxe3
Qb6 16. Qxb6 Nxb6 17. hxg6 fxg6 18. fxg6 hxg6 19. a5 N6d7 20. O-O-O Nf8 21. Nf3
Bg4 22. Rdg1 Bh5 23. Nh4 Bxe2 24. Nxe2 Nbd7 25. Nf3 Rad8 26. Rh6 Kg7 27. Rgh1
Nc5 28. Nc3 Nce6 29. Nxe5 Nxg5 30. Nd3 Nxe4 31. Nxe4 Rxe4 32. Rh8 Rd5 33. b4 Rc4
34. Kd2 Rxb4 35. R8h4 Rxh4 36. Rxh4 Rxa5 37. Rd4 Kf6 38. Rd8 Ne6 39. Rd7 Rb5 40.
c4 Rf5 41. Rxb7 g5 42. Rb6 c5 43. Rxa6 g4 44. Ke3 g3 45. Nxc5 Re5+ 46. Kf3 Rxc5
47. Kxg3 Rxc4 48. Kf3 Rc5 49. Ke3 Rf5 50. Ke4 Rg5 51. Ke3 Rf5 52. Ke4 Rh5 53.
Ke3 Rh3+ 54. Ke4 Ke7 55. Ke5 Nd8 56. Ra7+ Ke8 57. Kd6 Rd3+ 58. Ke5 Nc6+ 59. Ke4
Rd4+ 60. Ke3 Rb4 61. Ra8+ Kd7 62. Ra6 Kd6 63. Ra8 Kd5 0-1

[Event "Titled Tue 24th Jun Early"]
[Site "chess.com INT"]
[Date "2025.06.24"]
[Round "8"]
[White "Zhigalko, Sergei"]
[Black "Srihari, L R"]
[Result "0-1"]
[WhiteTitle "GM"]
[BlackTitle "IM"]
[WhiteElo "2572"]
[BlackElo "2480"]
[WhiteFideId "13502956"]
[BlackFideId "46617116"]
[EventDate "2025.06.24"]

1. e4 e5 2. Nf3 Nc6 3. Bc4 Nf6 4. d3 h6 5. O-O d6 6. c3 g5 7. a4 Bg7 8. Re1 g4
9. Nfd2 h5 10. Nf1 Ne7 11. Bg5 h4 12. Ne3 Qd7 13. Nd2 c6 14. b4 d5 15. exd5
Nfxd5 16. Ne4 Kf8 17. Qb3 Nxe3 18. fxe3 Nd5 19. Rf1 f5 20. Nc5 Qd6 21. e4 Nf4
22. d4 Qg6 23. Bxf4 exf4 24. Rxf4 Bh6 25. Raf1 Bxf4 26. Rxf4 Kg7 27. Be6 Qg5 28.
Bxc8 Re8 29. Rxf5 Qe3+ 30. Kf1 Re7 31. Ne6+ Kh6 32. Ng5 Rxc8 33. Nf7+ Kg7 34.
Ne5 Rf8 35. Rxf8 Kxf8 36. Ng6+ Ke8 37. Qg8+ Kd7 38. Nxe7 Qc1+ 39. Ke2 Qc2+ 40.
Ke1 Qc1+ 41. Ke2 Qc2+ 42. Ke3 Qxc3+ 43. Kf4 Qd2+ 44. Ke5 Kxe7 45. Qg7+ Kd8 46.
Qg8+ Kc7 47. Qg7+ Kb6 48. Qxg4 Qxb4 49. Qxh4 Qxa4 50. Qd8+ Ka6 51. h4 Qb5+ 52.
d5 Qb2+ 53. Ke6 Qxg2 54. dxc6 Qxe4+ 55. Kf7 bxc6 56. Qf6 Kb6 57. Qg5 Qd5+ 58.
Kf6 a5 59. Qg1+ Qc5 60. Qb1+ Qb5 61. Qg1+ Ka6 62. Qc1 a4 63. Kg6 Kb6 64. h5 Qd3+
65. Kg5 Qd5+ 66. Kg6 Qd3+ 67. Kg5 a3 68. h6 a2 69. Qb2+ Qb5+ 70. Qxb5+ cxb5 71.
h7 a1=Q 72. h8=Q Qxh8 0-1

[Event "Titled Tue 24th Jun Early"]
[Site "chess.com INT"]
[Date "2025.06.24"]
[Round "8"]
[White "Sahib, Singh"]
[Black "Adhiban, Baskaran"]
[Result "1-0"]
[WhiteTitle "FM"]
[BlackTitle "GM"]
[WhiteElo "2407"]
[BlackElo "2509"]
[WhiteFideId "25618342"]
[BlackFideId "5018471"]
[EventDate "2025.06.24"]

1. e4 d6 2. d4 Nf6 3. Nc3 g6 4. f4 Bg7 5. e5 dxe5 6. fxe5 Nd5 7. Bc4 Be6 8. Qf3
c6 9. Nge2 O-O 10. Bxd5 Bxd5 11. Nxd5 cxd5 12. Nf4 Nc6 13. c3 e6 14. O-O Qd7 15.
Qg4 f5 16. exf6 Rxf6 17. Be3 Raf8 18. Nd3 Rf5 19. Rxf5 exf5 20. Qf3 Re8 21. Nc5
Qf7 22. Re1 b6 23. Nd3 Na5 24. Bf4 Rxe1+ 25. Nxe1 Qe6 26. Qe3 Qxe3+ 27. Bxe3 Nc4
28. Bc1 Kf7 29. Nd3 Bf6 30. Kf2 g5 31. Kf3 Ke6 32. h3 a5 33. g4 f4 34. a4 Nd6
35. Nf2 b5 36. axb5 Nxb5 37. Nd3 Be7 38. h4 h6 39. hxg5 hxg5 40. Ne1 a4 41. Bd2
Nd6 42. Ke2 Nc4 43. Bc1 Kd7 44. Nf3 Kc6 45. Kd3 Kb5 46. Kc2 Nd6 47. Kd3 Ne4 48.
Kc2 Nf2 49. Nh2 Kc4 50. Bd2 Bf6 51. Be1 Ne4 52. Nf3 Bg7 53. Nh2 Nf6 54. Bd2 Bf8
55. Be1 Be7 56. Bd2 Bd6 57. Be1 Kb5 58. Kd3 Be7 59. Kc2 Bf8 60. Kd3 a3 61. bxa3
Bxa3 62. Nf3 Ne4 63. c4+ Kc6 64. Ne5+ Kd6 65. cxd5 Kxd5 66. Nc4 Be7 67. Nb6+ Kc6
68. Kxe4 Kxb6 69. Kf5 Kc6 70. Ke6 Bf8 71. d5+ Kc7 72. Ba5+ Kb7 73. d6 Bxd6 74.
Kxd6 f3 75. Be1 Kb6 76. Ke5 Kc5 77. Ke4 Kc4 78. Kxf3 Kd3 79. Bf2 1-0